Modern Hindu Law (Record no. 6389)

MARC details
000 -LEADER
fixed length control field 00426nam a22001817a 4500
005 - DATE AND TIME OF LATEST TRANSACTION
control field 20210904104004.0
008 - FIXED-LENGTH DATA ELEMENTS--GENERAL INFORMATION
fixed length control field 200521b xxu||||| |||| 00| 0 eng d
020 ## - INTERNATIONAL STANDARD BOOK NUMBER
ISBN 9789396456988
041 ## - LANGUAGE CODE
Language code of text/sound track or separate title eng
082 ## - DEWEY DECIMAL CLASSIFICATION NUMBER
Classification number 340.52 KES
100 ## - MAIN ENTRY--AUTHOR NAME
Personal name Kesari, Dr. U P D
245 ## - TITLE STATEMENT
Title Modern Hindu Law
250 ## - EDITION STATEMENT
Edition statement 11'th
260 ## - PUBLICATION, DISTRIBUTION, ETC. (IMPRINT)
Place of publication Allahabad
Name of publisher Central Law Agency
Year of publication 2018
300 ## - PHYSICAL DESCRIPTION
Number of Pages 628p.
650 ## - SUBJECT ADDED ENTRY--TOPICAL TERM
Topical Term LAW
942 ## - ADDED ENTRY ELEMENTS (KOHA)
Koha item type Books
Holdings
Lost status Damaged status Collection code Home library Current library Shelving location Date acquired Source of acquisition Cost, normal purchase price Full call number Accession Number Koha item type
    Reference JRU Library JRU Library SHELF-1-C 02/06/2020 PURCHASE 450.00 340.52 KES 24221 Books
    LAW JRU Library JRU Library SHELF-30-C 02/06/2020 PURCHASE 450.00 340.52 KES 24222 Books